Vyrovnávanie sa s minulosťou

Bibliographic Details
Main Authors: Kohútková, Zuzana (Author), Weizman, Ezer (Author)
Format: Article
Language:Slovak
Subjects:

MARC

LEADER 00000nab a2200000 a 4500
001 vtls000572026
003 SK-MaSNL
005 20260305012233.0
008 150501c1996 xo 0 slo
015 |a SNBRB19rr/mm-uuuuu 
035 |a CL0572164 
040 |a SNKBUCL  |b slo  |c SNKBUCL  |e AACR2 
041 0 |a slo 
044 |a xo  |c SK 
080 |a 327(569.4:430)  |2 1981 
080 |a 327(430:569.4)  |2 1981 
100 1 |a Kohútková, Zuzana  |4 aut  |9 847657 
245 1 0 |a Vyrovnávanie sa s minulosťou  |c Zuzana Kohútková 
650 0 7 |a zahraničná politika  |2 snkbucl  |9 971 
651 7 |a Nemecko  |2 snkbucl  |9 21020 
651 7 |a Izrael  |2 snkbucl  |9 16888 
655 7 |a články z novín a časopisov  |2 snkbucl  |9 267496 
700 1 |a Weizman, Ezer  |4 aut  |9 1341296 
773 0 |t Pravda  |g Roč. 6, č. 14 (18. 1. 1996), s. 20 
850 |a Slovenská národná knižnica v Martine  |a MTA001 
852 |a SNK  |b KIS3GCP 
958 |a RK 
958 |a DE 
992 |a RBX 
999 |c 3256513  |d 3258443